000 00306nam a22001457a 4500
008 221108b ||||| |||| 00| 0 eng d
020 _a9780849912917
041 _aeng
080 _a159.9
082 _a159.9 OS
100 _a25
101 _aPSI
245 _aTHE CALL
_cOS GUINNESS
942 _2udc
_cBK
999 _c58792
_d58792